00334 2200121 4500001002100000008004100021035002000062245004800082100002600130260003000156084001600186650001000202INLIS000000000001018 ind  a0010-0325001014 aKenali Narkoba Dan Musuhi Penyalahgunaannya aPartodiharjo, Subagyo bPT. GELORA AKSARA PRATAMA a153.2.PAR.K aAgama